00497nam a2200085Ia 4500008004100000245002300041300027600064650001600340856005500356170517s9999 xx 000 0 und d aNuclear Nightmares aNuclear Nightmares talks about how radiophobia, the fear of radioactivity, is widespread and yet not based on scientific evidence. After the Chernobyl accident, a lot of death toll numbers appeared in the news, some close to 400.000 people dead, but the reality is the... xTechnology. uhttp://topdocumentaryfilms.com/nuclear-nightmares/